000 00716nam a2200217Ia 4500
003 GCL
008 140319s9999 xx 000 0 ara d
040 _aGCL /
_cGCL
082 0 4 _a301.247
_bك ا
100 1 _aكمال التابعى
245 1 0 _aالاتجاهات المعاصرة فى دراسة القيم والتنمية /
_cكمال التابعى
260 _a[S.N] :
_bدار المعارف ،
_c1985
300 _a503 ص
490 _aعلم الاجتماع المعاصر
_v0
650 0 4 _aالاخلاق
650 0 4 _aالاجتماع
650 0 4 _aالقيم الاجتماعية
650 0 4 _aالقيم الاخلاقية
650 0 4 _aالتغير الاجتماعى
942 _2ddc
_cBK
999 _c27624
_d27624